Teaching with favorite Marc Brown books / (Record no. 114874)
[ view plain ]
| 000 -LEADER | |
|---|---|
| fixed length control field | 00879nam a2200193 a 4500 |
| 005 - DATE AND TIME OF LATEST TRANSACTION | |
| control field | 20140414132115.0 |
| 008 - FIXED-LENGTH DATA ELEMENTS--GENERAL INFORMATION | |
| fixed length control field | 110826s19uu xx 00 eng d |
| 020 ## - INTERNATIONAL STANDARD BOOK NUMBER | |
| International Standard Book Number | 0590314718 |
| 050 ## - LIBRARY OF CONGRESS CALL NUMBER | |
| Classification number | TR 378.3 |
| Item number | W16 1998 |
| 100 ## - MAIN ENTRY--PERSONAL NAME | |
| Personal name | Walmsley, Bonnie Brown. |
| 245 ## - TITLE STATEMENT | |
| Title | Teaching with favorite Marc Brown books / |
| Statement of responsibility, etc | by Bonnie Brown Walmsley and Sean A. Walmsley. |
| 260 ## - PUBLICATION, DISTRIBUTION, ETC. (IMPRINT) | |
| Place of publication, distribution, etc | New York : |
| Name of publisher, distributor, etc | Scholastic Professional Books, |
| Date of publication, distribution, etc | c1998. |
| 500 ## - GENERAL NOTE | |
| General note | Includes bibliographical references (p. 78-80). |
| 520 ## - SUMMARY, ETC. | |
| Summary, etc | Engaging teaching activities and rare, inside glimpse into Marc Brown�s creative process that will captivate your students almost as much as Arthur does! |
| 650 ## - SUBJECT ADDED ENTRY--TOPICAL TERM | |
| Topical term or geographic name as entry element | Brown, Marc Tolon -- |
| General subdivision | Study and teaching (Elementary) |
| 650 ## - SUBJECT ADDED ENTRY--TOPICAL TERM | |
| Topical term or geographic name as entry element | Illustration of books --United States -- |
| General subdivision | Study and teaching (Elementary) |
| 650 ## - SUBJECT ADDED ENTRY--TOPICAL TERM | |
| Topical term or geographic name as entry element | Teaching -- |
| General subdivision | Aids and devices. |
| Withdrawn status | Lost status | Damaged status | Home library | Current library | Shelving location | Date acquired | Total Checkouts | Full call number | Barcode | Date last seen | Price effective from | Koha item type |
|---|---|---|---|---|---|---|---|---|---|---|---|---|
| Munich Library | Munich Library | Teachers Reference Section | 08/26/2011 | TR 378.3 W16 1998 | M6790 | 04/14/2014 | 04/14/2014 | Books |